Riconosci l'Allenatore dalla Carriera - Europa - Quiz n°2 - Statistics

Statistiche generali
  • Questo quiz è stato fatto 34 volte
  • Il punteggio medio è 10 su 16
Statistiche sulle risposte
Nazione Carriera Allenatore % Corretto
Spagna Barcellona B 2008-2011, Roma 2011-2012, Celta Vigo 2013-2014, Barcellona 2014-2017, Spagna 2018-2022 Luis Enrique
93%
Spagna Real Madrid Castilla 1993-1995, Real Valladolid 1995-1996, Osasuna 1996, Extremadura 1997-1999, Tenerife 2000-2001, Valencia 2001-2004, Liverpool 2004-2010, Inter 2010, Chelsea 2012-2013, Napoli 2013-2015, Real Madrid 2015-2016, Newcastle Utd 2016-2019, Delian Yifang 2019-2021, Everton 2021-2022 Rafael Benítez
87%
Paesi Bassi Go Ahead Eagles 2012-2013, Bayern Monaco II 2013-2015, Utrecht 2015-2017, Ajax 2017-2022, Manchester United 2022- Erik ten Hag
83%
Germania Frauenfeld 1994-1995, Stoccarda 1996-1998, Fenerbahçe 1998-199, Karlsruhe 199-2000, Adanaspor 200-2001, Tirol Innsbruck 2001-2002, Austria Vienna 2003-2004, Germania 2006-2021 Joachim Löw
83%
Inghilterra Middlesbrough 2006-2009, Inghilterra Under-21 2013-2016, Inghilterra 2016- Gareth Southgate
80%
Francia Saint-Étienne 2000-2001, Digione 2002-2007, Le Mans 2007-2008, Lilla 2008-2013, Roma 2013-2016, Olympique Marsiglia 2016-2019, Olympique Lione 2019-2021, Al-Nassr 2022- Rudi Garcia
77%
Portogallo 1 Dezembro 2007-2008, Odivelas 2008-2009, Pinhalnovense 2009-2011, Desportivo Aves 2011-2012, Paços de Ferreira 2012-2013, Porto 2013-2014, Paços de Ferreira 2014-2015,Sporting Braga 2015-2016, Shakhtar Donetsk 2016-2019, Roma 2019-2021, Lilla 2022- Paulo Fonseca
63%
Spagna Lorca 2005-2006, Almería 2006-2008, Valencia 2008-2012, Spartak Mosca 2012, Siviglia 2013-2016, Paris-Saint Germain 2016-2018, Arsenal 2018-2019, Villarreal 2020-2022, Aston Villa 2022- Unai Emery
63%
Germania Hoffenheim 2000-2005, Bayern Monaco 2019-2021, Germania 2021- Hans-Dieter Flick
60%
Svezia Milan 1964-1966, Hellas Verona 1966-1968, Monza 1968-1969, Varese 1969-1971, Fiorentina 1971-1973, Roma 1973-1977, Milan 1977-1979, Roma 1979-1984, Milan 1984-1987, Roma 1987-1989, Hellas Verona 1992, Roma 1997 Nils Liedholm
60%
Serbia Young Fellows 1962-1964, Vojvodina 1964-1971, Jugoslavia 1971-1973, Den Haag 1974-1976, Feyenoord 1976-1978, Real Saragozza 1978-1979, Real Madrid 1979-1982, Sporting Gijón 1982-1984, Ascoli 1984-1986, Sampdoria 1986-1992, Roma 1992-1993, Napoli 1994-1996, Servette 1996-1997, Sampdoria 1997-1998, Perugia 1998-1999, Jugoslavia 1999-2000 Vujadin Boškov
57%
Croazia Croazia Under-21 2013, Croazia 2013-2015, Eintracht Francoforte 2016-2018, Bayern Monaco 2018-2019, Monaco 2020-2022, Wolfsburg 2022- Niko Kovač
47%
Scozia Preston North End 1998-2002, Everton 2002-2013, Manchester United 2013-2014, Sunderland 2016-2017, West Ham Utd 2017-2018, West Ham Utd 2020- David Moyes
43%
Francia Bordeaux 2007-2010, Francia 2010-2012, Paris-Saint Germain 2013-2016, Al-Rayyan 2020-2022, Olympique Lione 2022- Laurent Blanc
40%
Francia Mulhouse 1985-1988, Olympique Lione 1988-1993, Francia Under-21 1993-2004, Francia 2004-2010, Nantes 2020-2021 Raymond Domenech
40%
Portogallo Amora 1990-1993, Felgueiras 1993-1198, Estrela Amadora 1998-2000, Vitória Setúbal 2000-2002, Estrela Amadora 2002-2003, Vitória Guimarães 2003-2004, Moreirense 2004-2005, União Leiria 2005-2006, Belenenses 2006-2008, Sporting Braga 2008-2009, Benfica 2009-2015, Sporting Lisbona 2015-2018, Al-Hilal 2018-2019, Flamengo 2019-2020, Benfica 2020-2022, Fenerbahçe 2022- Jorge Jesus
20%
Nessun quiz corrispondente trovato
Distribuzione punteggi
Percentuale di utenti per punteggio
Percentile per numero di risposta
I tuoi punteggi nel tempo
Non hai fatto questo quiz